000 00641nam a2200241Ia 4500
003 OSt
005 20220925221822.0
006 a|||||r|||| 00| 0
007 ta
008 220923b |||||||| |||| 00| 0 eng d
037 _cGeneral Book
040 _aRTL
_cRTL
_beng
041 _2eng
_aeng
082 _aY12.73.N7, L0
100 _aBatten T R
_990308
245 0 _aHuman factor in youth work
260 _aLondon
_bO U P
_c1970
300 _avi, 170p
_ccm.
500 _aAppendix at the end of each chapter
650 _aYouth
942 _hY12.73.N7, L0
_cGB
_2CC
999 _c575386
_d575386